00412nam a2200133Ia 4500008004100000020001500041100003200056245004000088250000700128260002700135300001000162952009100172999001500263211105s9999 xx 000 0 und d aVYASA11077 aShastri Vidyasagar K. L. V. 0aSanskritadwitiyadarshaha Reader Iii a\N bR.S. Vadyar & Sonsc\N a129p. 00104070aSVYASAbSVYASAd2002-12-28l0p06652r2021-11-09 00:00:00w2021-11-09yBKS c5064d5064